| 000 | 00563nam a2200193 u 4500 | ||
|---|---|---|---|
| 005 | 20240910063836.0 | ||
| 008 | 120125s2005 ea r 000 0 spa d | ||
| 020 | _a0439769620 | ||
| 035 | _aUPN01000183092 | ||
| 049 | _aI | ||
| 050 | 4 |
_aPS3575 E6 _bH5.7 |
|
| 100 | 1 |
_aYep, Laurence, _d1948- _931941 |
|
| 245 | 1 | 0 |
_aHiroshima / _cLaurence Yep ; tr. Jorge Ignacio Domínguez. |
| 260 |
_aNew York : _bScholastic, _cc2005. |
||
| 300 | _a55 p. | ||
| 534 |
_pTítulo original: _bHiroshima |
||
| 650 | 4 |
_aLiteratura juvenil estadounidense _912776 |
|
| 905 | _aInfantil | ||
| 999 |
_c155195 _d155195 |
||